000 00572nam a2200205 a 4500
001 28635
005 20180713231547.0
008 140415s1981 mx 000 0 spa d
041 _aspa
082 _a657.45
_bMEN
100 1 _aC. Abc, Clark
245 1 0 _aAuditoria social para la gerencia.
250 _aPrimera edición
260 _aMéxico :
_bDiana ;,
_c1981.
300 _a270 páginas ;.
_a24 cm.
336 _atexto
_2rdacontent
337 _asin mediación
_2rdamedia
338 _avolumen
_2rdcarrier
650 1 4 _aContabilidad y auditoria
999 _c28635
_d28635